| Tag |
First Indicator |
Second Indicator |
Subfields |
| LEADER |
00000cam a2200000 i 4500 |
| 001 |
in00003710193 |
| 005 |
20170926143009.0 |
| 008 |
160624t20162016kyuab b 001 0 eng |
| 010 |
|
|
|a 2016025504
|
| 020 |
|
|
|a 9780813167381
|q hardcover :
|q alkaline paper
|
| 020 |
|
|
|a 0813167388
|q hardcover :
|q alkaline paper
|
| 020 |
|
|
|z 9780813168043
|q electronic book
|
| 020 |
|
|
|z 081316804X
|q electronic book
|
| 020 |
|
|
|z 9780813168050
|q electronic publication
|
| 035 |
|
|
|a (OCoLC)ocn946007378
|
| 040 |
|
|
|a DLC
|e rda
|c DLC
|d UtOrBLW
|
| 041 |
1 |
|
|a eng
|h ger
|
| 043 |
|
|
|a e-gx---
|
| 049 |
|
|
|a TXAM
|
| 050 |
0 |
0 |
|a D757
|b .M83813 2016
|
| 082 |
0 |
0 |
|a 355.00943/09043
|2 23
|
| 100 |
1 |
|
|a Müller, Rolf-Dieter,
|d 1948-
|e author.
|0 http://id.loc.gov/authorities/names/n2016034604
|
| 240 |
1 |
0 |
|a Hitlers Wehrmacht 1935 bis 1945.
|l English
|
| 245 |
1 |
0 |
|a Hitler's Wehrmacht, 1935-1945 /
|c Rolf-Dieter Müller ; translated by Janice W. Ancker.
|
| 264 |
|
1 |
|a Lexington :
|b University Press of Kentucky,
|c [2016]
|
| 264 |
|
4 |
|c ©2016
|
| 300 |
|
|
|a x, 234 pages :
|b illustrations, maps ;
|c 24 cm.
|
| 336 |
|
|
|a text
|b txt
|2 rdacontent
|
| 337 |
|
|
|a unmediated
|b n
|2 rdamedia
|
| 338 |
|
|
|a volume
|b nc
|2 rdacarrier
|
| 490 |
1 |
|
|a Foreign military studies
|
| 504 |
|
|
|a Includes bibliographical references and index.
|
| 505 |
0 |
|
|a Introduction: current state of research -- The army in the Führer's totalitarian state -- The regime's armed forces -- Training and front experience -- The Wehrmacht and the Volksgemeinschaft -- The war of the factories -- Total war and the war of annihilation -- The Wehrmacht and operations -- Epilogue: the difficult legacy.
|
| 651 |
|
0 |
|a Germany
|x Armed Forces.
|0 http://id.loc.gov/authorities/subjects/sh85054470
|
| 651 |
|
0 |
|a Germany
|x Armed Forces
|x History
|y World War, 1939-1945.
|0 http://id.loc.gov/authorities/subjects/sh2008115143
|
| 650 |
|
0 |
|a World War, 1939-1945
|z Germany.
|0 http://id.loc.gov/authorities/subjects/sh2008113355
|
| 651 |
|
0 |
|a Germany
|x History, Military
|y 20th century.
|0 http://id.loc.gov/authorities/subjects/sh85054604
|
| 651 |
|
0 |
|a Germany
|x History
|y 1933-1945.
|0 http://id.loc.gov/authorities/subjects/sh85054594
|
| 700 |
1 |
|
|a Ancker, Janice W.,
|e translator.
|0 http://id.loc.gov/authorities/names/n2016034603
|
| 830 |
|
0 |
|a Foreign military studies (Lexington, Ky.)
|0 http://id.loc.gov/authorities/names/no2014149767
|
| 945 |
|
|
|b 749770
|
| 947 |
|
|
|a A14843438525
|
| 948 |
|
|
|a cataloged
|b h
|c 2016/8/26
|d c
|e dmitchel
|f 9:00:00 am
|
| 994 |
|
|
|a 92
|b TXA
|
| 999 |
f |
f |
|s 10874eab-bb42-33a6-ba5f-cc1eb0d2057a
|i fdc1cbb4-e227-385c-b6c7-2568cba51126
|t 0
|
| 952 |
f |
f |
|p normal
|a Texas A&M University
|b College Station
|c Sterling C. Evans Library
|d Evans: Library Stacks
|t 0
|e D757 .M83813 2016
|h Library of Congress classification
|i unmediated -- volume
|m A14843438525
|
| 998 |
f |
f |
|a D757 .M83813 2016
|t 0
|l Evans: Library Stacks
|